Alabama Lyrics - Statistics

General Stats
  • This quiz has been taken 12 times
  • The average score is 10 of 28
Answer Stats
Lyrics % Correct
Oh, {Alabama}
89%
Oh, {Alabama}
89%
Oh, {Alabama}
89%
That's breaking your {back}
67%
That's breaking your {back}
67%
Alabama, you got the weight on {your} {shoulders}
56%
Alabama, you got the weight on {your} {shoulders}
56%
Your Cadillac has got a wheel in the {ditch}
44%
Your Cadillac has got a wheel in the {ditch}
44%
And a wheel on the {track}
33%
And a wheel on the {track}
33%
The devil fools with the {best} {laid} {plan}
33%
You got the {spare} {change}
33%
You got to {feel} {strange}
33%
Don't it take you {down} {home}?
22%
{Hear} {the} {banjo}
22%
See the old folks tied in {white} {ropes}
22%
{Swing} {low}, Alabama
22%
You got the rest of the union to {help} {you} {along}
22%
And now the moment is all {that} {it} {meant}
11%
{Banjos} playing through the broken glass
11%
Can I see you and {shake} {your} {hand}
11%
I come to you and see all this {ruin}
11%
I'm from a {new} {land}
11%
{Make} {friends} down in Alabama
11%
{What} {are} {you} {doing} Alabama?
11%
{What's} {going} {wrong}?
11%
{Windows} down in Alabama
11%
No matching quizzes found
Score Distribution
Percent of People with Each Score
Percentile by Number Answered
Your Score History
You have not taken this quiz